[Event "41st Guernsey Intl. -  Holiday  2015"]
[Site "Guernsey, GCI"]
[Date "2015.10.24"]
[Round "7"]
[White "Joyeux, Gerard"]
[Black "Savident, David"]
[Result "1/2-1/2"]
[WhiteElo "1594"]
[BlackElo "1704"]
[PlyCount "73"]
[EventDate "2015.10.18"]
[EventType "swiss"]
[EventRounds "7"]

1. d4 Nf6 2. Nc3 g6 3. e4 d6 4. Bg5 Bg7 5. Bc4 O-O 6. Qd2 Nbd7 7. Bh6 c5 8.
Bxg7 Kxg7 9. Nge2 a6 10. Ng3 b5 11. Be2 cxd4 12. Qxd4 Qb6 13. Qd2 Bb7 14. h4 h5
15. Qg5 Rh8 16. O-O Qc5 17. Qd2 Rac8 18. Rac1 Ne5 19. Kh1 Nfg4 20. Kg1 Rc7 21.
Nd5 Bxd5 22. exd5 Rhc8 23. Qg5 Kf8 24. Qd2 Nc4 25. Bxc4 Qxc4 26. f3 Nf6 27.
Qh6+ Kg8 28. Ne4 Nxe4 29. fxe4 Qd4+ 30. Kh1 Rxc2 31. Qf4 Qg7 32. Rb1 f6 33. Qe3
f5 34. exf5 gxf5 35. Rf2 Rxf2 36. Qxf2 Qe5 37. Re1 1/2-1/2

[Event "41st Guernsey Intl. -  Holiday  2015"]
[Site "Guernsey, GCI"]
[Date "2015.10.24"]
[Round "7"]
[White "Gstalter, Herbert"]
[Black "Nielsen, Jorgen Holmstrom"]
[Result "1-0"]
[WhiteElo "1640"]
[BlackElo "1889"]
[PlyCount "87"]
[EventDate "2015.10.18"]
[EventType "swiss"]
[EventRounds "7"]

1. d4 Nf6 2. g3 c5 3. d5 d6 4. Bg2 Nbd7 5. Nf3 Nb6 6. c4 Bg4 7. b3 Qd7 8. O-O
Bh3 9. Nbd2 Bxg2 10. Kxg2 g6 11. Bb2 Bg7 12. Qc2 O-O 13. Rae1 e6 14. e4 e5 15.
Nh4 Nh5 16. Qd3 Bf6 17. Ndf3 Nc8 18. Bc1 Qg4 19. h3 Nf4+ 20. Bxf4 Qd7 21. Bh6
Re8 22. Qe2 Kh8 23. Ng5 Rg8 24. Qf3 Bxg5 25. Bxg5 h5 26. Qf6+ Kh7 27. Nf5 a5
28. a4 Ra6 29. Re3 Qe8 30. Ne7 Nxe7 31. Qxe7 Qxe7 32. Bxe7 g5 33. h4 gxh4 34.
Bxh4 Rg6 35. f4 exf4 36. Rxf4 Kg8 37. Ref3 Rg7 38. Rf6 Rh7 39. R3f5 Rb6 40. Rf3
Ra6 41. Bg5 Rg7 42. Bf4 Rg6 43. Rxg6+ fxg6 44. Kh3 1-0

[Event "41st Guernsey Intl. -  Holiday  2015"]
[Site "Guernsey, GCI"]
[Date "2015.10.24"]
[Round "7"]
[White "Finch, Russell"]
[Black "O'Connell, Denis"]
[Result "1-0"]
[WhiteElo "1620"]
[BlackElo "1811"]
[PlyCount "63"]
[EventDate "2015.10.18"]
[EventType "swiss"]
[EventRounds "7"]

1. d4 e5 2. dxe5 d6 3. exd6 Bxd6 4. Nf3 Nc6 5. Bg5 Qd7 6. e3 Qf5 7. Bd3 Qg4 8.
O-O Be6 9. Nbd2 f6 10. Bh4 O-O-O 11. Bg3 Be7 12. a3 f5 13. Ne5 Nxe5 14. Bxe5
Qg6 15. Qf3 Nf6 16. e4 fxe4 17. Nxe4 Qh6 18. Nxf6 Bxf6 19. Bxf6 gxf6 20. Be4
Kb8 21. Bxb7 Bc8 22. Bxc8 Rxc8 23. Rad1 Rhd8 24. Rxd8 Rxd8 25. Rd1 Rd2 26. Rxd2
Qxd2 27. Qb3+ Ka8 28. g3 h6 29. Kg2 f5 30. Qd3 Qc1 31. Qxf5 h5 32. Qc8# 1-0

[Event "41st Guernsey Intl. -  Holiday  2015"]
[Site "Guernsey, GCI"]
[Date "2015.10.24"]
[Round "7"]
[White "Ruigrok, Jacques"]
[Black "Colsen, Manuel"]
[Result "1/2-1/2"]
[WhiteElo "1707"]
[BlackElo "1644"]
[PlyCount "24"]
[EventDate "2015.10.18"]
[EventType "swiss"]
[EventRounds "7"]

1. e4 c6 2. Nc3 d5 3. Nf3 Bg4 4. h3 Bxf3 5. Qxf3 e6 6. exd5 exd5 7. d4 Bb4 8.
Be2 Nf6 9. Bg5 Nbd7 10. O-O O-O 11. Bd3 Qc7 12. Bf4 Bd6 1/2-1/2

[Event "41st Guernsey Intl. -  Holiday  2015"]
[Site "Guernsey, GCI"]
[Date "2015.10.24"]
[Round "7"]
[White "Abbas, Ahmed C"]
[Black "Norman, Dinah M"]
[Result "1/2-1/2"]
[WhiteElo "1486"]
[BlackElo "1839"]
[PlyCount "61"]
[EventDate "2015.10.18"]
[EventType "swiss"]
[EventRounds "7"]

1. e4 c6 2. d4 d5 3. exd5 cxd5 4. Bd3 Nc6 5. c3 Nf6 6. Bf4 Bg4 7. Qb3 Qc8 8.
Nd2 e6 9. Ngf3 Bxf3 10. Nxf3 Be7 11. O-O O-O 12. Rae1 a6 13. Qd1 Re8 14. Ne5 b5
15. Re3 b4 16. Rh3 g6 17. Re1 Nxe5 18. Bxe5 Nd7 19. Qd2 Bf8 20. Qf4 Nxe5 21.
Qxe5 Bg7 22. Qf4 bxc3 23. Rc1 Qd8 24. bxc3 Ra7 25. Qe3 Qc7 26. c4 dxc4 27. Rxc4
Qd7 28. Qf4 Rc8 29. Rxc8+ Qxc8 30. Rf3 Qc7 31. Qe4 1/2-1/2

[Event "41st Guernsey Intl. -  Holiday  2015"]
[Site "Guernsey, GCI"]
[Date "2015.10.24"]
[Round "7"]
[White "Goman, Colin"]
[Black "Wood, Stuart E"]
[Result "1-0"]
[WhiteElo "1804"]
[BlackElo "1543"]
[PlyCount "99"]
[EventDate "2015.10.18"]
[EventType "swiss"]
[EventRounds "7"]

1. d4 d5 2. c4 e6 3. e3 Nf6 4. Nf3 h6 5. Bd3 dxc4 6. Bxc4 Bb4+ 7. Nbd2 Bd7 8.
O-O Bxd2 9. Bxd2 Ne4 10. Rc1 Bc6 11. Ne5 Nxd2 12. Nxc6 Nxc6 13. Qxd2 O-O 14. f4
Ne7 15. g4 Ng6 16. Rf3 e5 17. f5 Nh4 18. Rh3 Qg5 19. Rf1 exd4 20. Qxd4 Nxf5 21.
Rxf5 Qg6 22. Qf4 Rad8 23. Rf3 Rd1+ 24. Rf1 Rxf1+ 25. Kxf1 Qd6 26. Qxd6 cxd6 27.
Ke2 g6 28. Rf6 Kg7 29. Rxd6 Rc8 30. Bb3 Rc7 31. Kf3 Kf8 32. Rf6 Kg7 33. Rd6 Kf8
34. Rd8+ Ke7 35. Rh8 h5 36. gxh5 gxh5 37. Rxh5 b6 38. Bxf7 Rc2 39. Bb3 Rxb2 40.
Rh7+ Kf6 41. Rxa7 Rxh2 42. Rb7 Rh3+ 43. Ke2 Rh2+ 44. Kd3 Rh3 45. Rxb6+ Ke5 46.
a4 Rh8 47. Rb5+ Kd6 48. e4 Rd8 49. Rd5+ Kc7 50. Rxd8 1-0

[Event "41st Guernsey Intl. -  Holiday  2015"]
[Site "Guernsey, GCI"]
[Date "2015.10.24"]
[Round "7"]
[White "Reutimann, Hans Peter"]
[Black "Van Beek, Ronald"]
[Result "1-0"]
[WhiteElo "1780"]
[BlackElo "1297"]
[PlyCount "47"]
[EventDate "2015.10.18"]
[EventType "swiss"]
[EventRounds "7"]

1. d4 Nf6 2. Nf3 d5 3. Bf4 e6 4. e3 Bd6 5. Ne5 O-O 6. Nd2 Nh5 7. Qxh5 g6 8. Qf3
f6 9. Nd3 Re8 10. Bxd6 cxd6 11. h4 Nd7 12. h5 g5 13. O-O-O h6 14. e4 dxe4 15.
Nxe4 d5 16. Nd6 Rf8 17. Nxc8 Rxc8 18. Kb1 Nb6 19. Nc5 Qe7 20. Qd3 f5 21. g4 Nc4
22. gxf5 Rxf5 23. Bh3 Rf6 24. Rhe1 1-0

[Event "41st Guernsey Intl. -  Holiday  2015"]
[Site "Guernsey, GCI"]
[Date "2015.10.24"]
[Round "7"]
[White "Jones, Tim"]
[Black "Gunn, Michael J"]
[Result "1-0"]
[WhiteElo "1518"]
[BlackElo "1665"]
[PlyCount "65"]
[EventDate "2015.10.18"]
[EventType "swiss"]
[EventRounds "7"]

1. e4 e6 2. d4 d5 3. e5 c5 4. c3 Nc6 5. Nf3 Bd7 6. Be2 Nge7 7. O-O cxd4 8. cxd4
Nf5 9. g4 Nfe7 10. a3 Ng6 11. h3 Be7 12. Be3 a6 13. Nbd2 h5 14. g5 h4 15. Kh2
Qc7 16. Ng1 Ngxe5 17. f4 Nc4 18. Nxc4 dxc4 19. Kh1 Na5 20. Rc1 Bc6+ 21. Bf3 b5
22. Bxc6+ Qxc6+ 23. Qf3 Qxf3+ 24. Nxf3 f6 25. Rg1 Nb3 26. Rc2 Rd8 27. Rd1 Rd5
28. Re2 Kf7 29. Bf2 fxg5 30. Ne5+ Kf6 31. fxg5+ Kf5 32. Rf1 Bxg5 33. Be3+ 1-0

[Event "41st Guernsey Intl. -  Holiday  2015"]
[Site "Guernsey, GCI"]
[Date "2015.10.24"]
[Round "7"]
[White "Wale, Ray"]
[Black "Lorthioir, Gwenegan"]
[Result "1-0"]
[WhiteElo "1660"]
[BlackElo "1292"]
[PlyCount "67"]
[EventDate "2015.10.18"]
[EventType "swiss"]
[EventRounds "7"]

1. e4 c6 2. d4 d5 3. e5 Bf5 4. Nf3 Nd7 5. h3 e6 6. Bd3 Bxd3 7. Qxd3 Be7 8. O-O
Qc7 9. a3 O-O-O 10. b4 Kb8 11. Bd2 Nb6 12. a4 Nc4 13. Bc3 Qb6 14. a5 Qb5 15.
Nbd2 Nxd2 16. Qxd2 Rc8 17. a6 bxa6 18. Ra5 Qb7 19. Rfa1 Rc7 20. Rxa6 Qc8 21.
Qc1 Qd7 22. Qb2 Rb7 23. Qa3 h6 24. Nd2 h5 25. Nb3 Nh6 26. Qa4 Rc8 27. Na5 Rbc7
28. Rb1 Ka8 29. Rb3 Nf5 30. Ra3 Bf8 31. Nxc6 Rb7 32. Rxa7+ Rxa7 33. Qxa7+ Qxa7
34. Rxa7# 1-0

[Event "41st Guernsey Intl. -  Holiday  2015"]
[Site "Guernsey, GCI"]
[Date "2015.10.24"]
[Round "7"]
[White "Gibzinski, Stanislaw"]
[Black "Beadle, John R"]
[Result "1-0"]
[WhiteElo "1281"]
[BlackElo "1643"]
[PlyCount "63"]
[EventDate "2015.10.18"]
[EventType "swiss"]
[EventRounds "7"]

1. c4 f5 2. g3 Nf6 3. Bg2 e6 4. Nf3 d6 5. Nc3 Be7 6. O-O O-O 7. b3 Nbd7 8. Bb2
a6 9. Nd4 Ne5 10. f4 Nf7 11. e4 Nxe4 12. Nxe4 fxe4 13. Bxe4 Rb8 14. Qc2 h6 15.
Bh7+ Kh8 16. Rae1 Bf6 17. Qg6 c5 18. Nxe6 Bxe6 19. Bxf6 Qxf6 20. Rxe6 Qxg6 21.
Bxg6 Rbd8 22. Re7 Kg8 23. Rxb7 d5 24. Bxf7+ Rxf7 25. Rxf7 Kxf7 26. d3 dxc4 27.
dxc4 Rd2 28. Rf2 Rd3 29. Re2 Rd1+ 30. Kf2 Kf6 31. Kf3 h5 32. h4 1-0

[Event "41st Guernsey Intl. -  Holiday  2015"]
[Site "Guernsey, GCI"]
[Date "2015.10.24"]
[Round "7"]
[White "Day, Fred G"]
[Black "Rowe, Oliver"]
[Result "1-0"]
[WhiteElo "1510"]
[BlackElo "1561"]
[PlyCount "91"]
[EventDate "2015.10.18"]
[EventType "swiss"]
[EventRounds "7"]

1. d4 Nf6 2. Nf3 c5 3. c3 cxd4 4. Nxd4 d5 5. e3 a6 6. Be2 e5 7. Nc2 b5 8. O-O
Bc5 9. Nd2 O-O 10. Nf3 Re8 11. a4 bxa4 12. Rxa4 Bd7 13. Ra1 a5 14. b4 Bb6 15.
bxa5 Rxa5 16. Rxa5 Bxa5 17. Nb4 Bxb4 18. cxb4 Qb6 19. Bd2 Nc6 20. b5 Na7 21.
Qa1 Nxb5 22. Nxe5 Qc7 23. Nxd7 Qxd7 24. Rb1 Nd6 25. Bc3 Nde4 26. Bxf6 Nxf6 27.
Bb5 Qe6 28. Bxe8 Nxe8 29. Rb8 Kf8 30. Qa3+ Kg8 31. Qc5 Qe5 32. Rb1 Qe4 33. Rd1
Nf6 34. Qc8+ Ne8 35. Qd8 h6 36. Qxd5 Qh4 37. g3 Nf6 38. Qd4 Qg4 39. h4 h5 40.
Qd3 Qe6 41. Rb1 g6 42. Kg2 Ng4 43. e4 Qa2 44. Rb8+ Kh7 45. Qd4 Kh6 46. Qh8# 1-0

[Event "41st Guernsey Intl. -  Holiday  2015"]
[Site "Guernsey, GCI"]
[Date "2015.10.24"]
[Round "7"]
[White "Harnden, Terry"]
[Black "Namazbayeva, Sholpan"]
[Result "1/2-1/2"]
[WhiteElo "1480"]
[BlackElo "1449"]
[PlyCount "81"]
[EventDate "2015.10.18"]
[EventType "swiss"]
[EventRounds "7"]

1. e4 c6 2. d4 d5 3. e5 Bf5 4. Bd3 Bg6 5. Bxg6 hxg6 6. Nf3 e6 7. a3 Nd7 8. Bg5
f6 9. exf6 gxf6 10. Bf4 Bg7 11. c3 Qe7 12. O-O g5 13. Bg3 Nh6 14. h3 Bf8 15.
Qd3 Qg7 16. Re1 Kf7 17. Re2 Re8 18. Nbd2 Nf5 19. Nh2 Bd6 20. Bxd6 Nxd6 21. Ng4
Nf5 22. Nf3 Nf8 23. Kf1 Ng6 24. Ne3 Nfh4 25. Nxh4 Rxh4 26. Qd2 Rhh8 27. Ng4 Qh7
28. Qd3 Qh5 29. Qg3 Ne7 30. Qf3 Nf5 31. Ke1 Qh7 32. Kd2 Re7 33. Rae1 Rhe8 34.
b3 Qg7 35. g3 a5 36. a4 Nd6 37. Ne5+ Kg8 38. Ng4 Ne4+ 39. Kd1 Rf8 40. Kc1 e5
41. Qd3 1/2-1/2

[Event "41st Guernsey Intl. -  Holiday  2015"]
[Site "Guernsey, GCI"]
[Date "2015.10.24"]
[Round "7"]
[White "Foster, Paul"]
[Black "Akeya Price, Robert"]
[Result "1/2-1/2"]
[WhiteElo "1653"]
[BlackElo "1517"]
[PlyCount "46"]
[EventDate "2015.10.18"]
[EventType "swiss"]
[EventRounds "7"]

1. e4 e6 2. d4 d5 3. Nc3 Bb4 4. a3 Bxc3+ 5. bxc3 dxe4 6. Qg4 Qf6 7. Qxe4 c6 8.
Nf3 Qf5 9. Qxf5 exf5 10. Bd3 Nf6 11. O-O O-O 12. Re1 Be6 13. c4 Nbd7 14. Bf4
Rad8 15. Bc7 Rc8 16. Bd6 Rfe8 17. Rab1 b6 18. a4 Ne4 19. Bxe4 fxe4 20. Rxe4
Bxc4 21. Rbe1 Nf6 22. Re7 a6 23. h3 Rxe7 1/2-1/2

[Event "41st Guernsey Intl. -  Holiday  2015"]
[Site "Guernsey, GCI"]
[Date "2015.10.24"]
[Round "7"]
[White "Newrick, William R"]
[Black "Bennett, David W"]
[Result "0-1"]
[WhiteElo "1366"]
[BlackElo "1360"]
[PlyCount "28"]
[EventDate "2015.10.18"]
[EventType "swiss"]
[EventRounds "7"]

1. d4 c5 2. Nf3 cxd4 3. Nxd4 e5 4. Nf3 Bc5 5. Nc3 d6 6. e4 Nf6 7. Bc4 O-O 8.
O-O Nbd7 9. Bg5 Qc7 10. Nd5 Bxf2+ 11. Rxf2 Qxc4 12. Ne7+ Kh8 13. Qxd6 Nxe4 14.
Nxc8 Nxd6 0-1

[Event "41st Guernsey Intl. -  Holiday  2015"]
[Site "Guernsey, GCI"]
[Date "2015.10.24"]
[Round "7"]
[White "Jones, Sid"]
[Black "Brown, Jim"]
[Result "1/2-1/2"]
[WhiteElo "1435"]
[BlackElo "1195"]
[PlyCount "20"]
[EventDate "2015.10.18"]
[EventType "swiss"]
[EventRounds "7"]

1. e4 c6 2. Nc3 d6 3. Nf3 Nd7 4. Be2 e6 5. O-O Ngf6 6. d3 Be7 7. Be3 O-O 8. h3
h6 9. Rc1 b6 10. Re1 Bb7 1/2-1/2

[Event "42nd Guernsey Open 2016"]
[Site "Vale GCI"]
[Date "2016.10.16"]
[Round "1"]
[White "Le Roux, Jean Pierre"]
[Black "Staples, Maurice J"]
[Result "1-0"]
[WhiteElo "2549"]
[BlackElo "1994"]
[PlyCount "73"]
[EventDate "2016.10.16"]
[EventType "swiss"]
[EventRounds "7"]
[EventCountry "GCI"]

1. e4 e5 2. Nf3 Nc6 3. Bc4 Nf6 4. d3 Bc5 5. O-O d6 6. c3 a6 7. Bb3 Bg4 8. Re1
Qd7 9. Nbd2 Bh5 10. Nf1 Bxf3 11. Qxf3 Qg4 12. Qxg4 Nxg4 13. Re2 Ne7 14. Ng3 h6
15. Bd2 O-O 16. h3 Nf6 17. Kh2 Kh7 18. f4 Nd7 19. Rf1 f6 20. Be6 Rfd8 21. Nh5
Nf8 22. Bb3 a5 23. Rf3 a4 24. Bf7 g6 25. Nxf6+ Kg7 26. Bc4 b5 27. Nd5 bxc4 28.
Nxe7 a3 29. bxa3 cxd3 30. Rxd3 exf4 31. Bxf4 Ne6 32. Bg3 Bxa3 33. e5 d5 34. Nc6
Rd7 35. Nd4 Ra6 36. Nxe6+ Rxe6 37. c4 1-0

[Event "42nd Guernsey Open 2016"]
[Site "Vale GCI"]
[Date "2016.10.16"]
[Round "1"]
[White "De Kruif, Kees"]
[Black "Hillarp Persson, Tiger"]
[Result "0-1"]
[WhiteElo "1986"]
[BlackElo "2513"]
[PlyCount "84"]
[EventDate "2016.10.16"]
[EventType "swiss"]
[EventRounds "7"]
[EventCountry "GCI"]

1. c4 e5 2. g3 c6 3. d4 e4 4. Bg2 d5 5. Nc3 Bb4 6. Bd2 a5 7. e3 Nf6 8. Nge2 O-O
9. O-O Re8 10. c5 b5 11. cxb6 Nbd7 12. Na4 Nxb6 13. Bxb4 axb4 14. Nxb6 Qxb6 15.
Qc2 Ra5 16. Rfc1 Bd7 17. Qb3 Rea8 18. a3 Qa6 19. Bf1 bxa3 20. Rab1 axb2 21.
Rxb2 Rb5 22. Qc2 Rxb2 23. Qxb2 g5 24. Rb1 Kg7 25. Qb4 Qa3 26. Qb7 Qa7 27. Qb4
h6 28. Qd6 Qa3 29. Qc7 Qa2 30. Qb7 Qa7 31. Qb4 Qc7 32. Qb3 Ra5 33. Nc3 Qa7 34.
Qb4 Ra3 35. Ne2 Qa5 36. Qb7 Ra1 37. Kg2 Bg4 38. h3 Bf3+ 39. Kg1 Ra2 40. Rb2
Bxe2 41. Rxa2 Qxa2 42. Bxe2 Qxe2 0-1

[Event "42nd Guernsey Open 2016"]
[Site "Vale GCI"]
[Date "2016.10.16"]
[Round "1"]
[White "Abbas, Daniel"]
[Black "Campbell, Ian"]
[Result "1/2-1/2"]
[WhiteElo "2294"]
[BlackElo "1985"]
[PlyCount "100"]
[EventDate "2016.10.16"]
[EventType "swiss"]
[EventRounds "7"]
[EventCountry "GCI"]

1. e4 g6 2. d4 Bg7 3. Nc3 d6 4. Be3 a6 5. f4 e6 6. Nf3 Ne7 7. a4 b6 8. Bd3 Nd7
9. e5 d5 10. a5 Bb7 11. O-O c5 12. axb6 c4 13. Be2 Nxb6 14. Qe1 Nf5 15. Bf2 h5
16. g3 Qd7 17. Nd2 Bf8 18. b3 Rc8 19. Na4 Nxa4 20. Rxa4 Be7 21. Qa1 O-O 22. Rc1
Rc7 23. c3 Rfc8 24. bxc4 Rxc4 25. Nxc4 dxc4 26. Rb1 Qc6 27. Rxb7 Qxb7 28. Rxc4
Rxc4 29. Bxc4 Qf3 30. Bf1 h4 31. Bg2 Qe2 32. Qf1 Qd2 33. Qe1 Qb2 34. g4 Nh6 35.
h3 a5 36. Be3 a4 37. Qc1 Ba3 38. Qd2 Qa1+ 39. Kh2 Bb2 40. c4 a3 41. d5 a2 42.
dxe6 Bc1 43. Qd8+ Kh7 44. exf7 Nxf7 45. Qd7 Bxe3 46. Qxf7+ Kh8 47. Qf8+ Kh7 48.
Qe7+ Kh8 49. Qxh4+ Kg7 50. Qe7+ Kh8 1/2-1/2

[Event "42nd Guernsey Open 2016"]
[Site "Vale GCI"]
[Date "2016.10.16"]
[Round "1"]
[White "French, Max"]
[Black "Parligras, Cosmin"]
[Result "0-1"]
[WhiteElo "1983"]
[BlackElo "2263"]
[PlyCount "74"]
[EventDate "2016.10.16"]
[EventType "swiss"]
[EventRounds "7"]
[EventCountry "GCI"]

1. d4 Nf6 2. c4 e6 3. Nf3 b6 4. a3 Bb7 5. Nc3 d5 6. Bg5 Be7 7. e3 O-O 8. Rc1
Nbd7 9. cxd5 exd5 10. Bd3 Ne4 11. Bf4 c5 12. O-O Bf6 13. Bb1 a6 14. Qb3 Nxc3
15. Rxc3 Re8 16. Bf5 c4 17. Qd1 b5 18. Nd2 g6 19. Bb1 a5 20. Qf3 Qe7 21. Rcc1
Nb6 22. h3 Bg7 23. Qg3 Rac8 24. Bd6 Qd8 25. Bc5 Na4 26. b4 Nxc5 27. bxc5 b4 28.
axb4 axb4 29. f4 f5 30. Rfe1 b3 31. Nf3 Qa5 32. Ne5 c3 33. Bd3 c2 34. Ra1 Qc3
35. Bb5 b2 36. Bxe8 bxa1=Q 37. Bf7+ Kf8 0-1

[Event "42nd Guernsey Open 2016"]
[Site "Vale GCI"]
[Date "2016.10.16"]
[Round "1"]
[White "Norman, Kenneth I"]
[Black "Thurlow, Kevin J"]
[Result "0-1"]
[WhiteElo "2147"]
[BlackElo "1974"]
[PlyCount "42"]
[EventDate "2016.10.16"]
[EventType "swiss"]
[EventRounds "7"]
[EventCountry "GCI"]

1. Nf3 d5 2. g3 g6 3. Bg2 Bg7 4. d4 Nd7 5. c4 c6 6. cxd5 cxd5 7. Nc3 Ngf6 8.
O-O O-O 9. Ne5 e6 10. Bf4 Nh5 11. Nxd7 Bxd7 12. Bd6 Re8 13. e3 Bc6 14. Ba3 Nf6
15. b4 a6 16. Bb2 Bf8 17. a3 Qd7 18. Qd3 Rec8 19. Rfd1 Rc7 20. f3 Ne8 21. e4
Nd6 0-1

[Event "42nd Guernsey Open 2016"]
[Site "Vale GCI"]
[Date "2016.10.16"]
[Round "1"]
[White "Lehmann, Stefan"]
[Black "Hoogland, Dirk"]
[Result "1/2-1/2"]
[WhiteElo "1970"]
[BlackElo "2139"]
[PlyCount "81"]
[EventDate "2016.10.16"]
[EventType "swiss"]
[EventRounds "7"]
[EventCountry "GCI"]

1. e4 c5 2. Nf3 g6 3. d4 cxd4 4. Nxd4 Nc6 5. Nc3 Bg7 6. Be3 Nf6 7. Be2 O-O 8.
O-O d5 9. Nxd5 Nxe4 10. Nxc6 bxc6 11. Nb4 Qc7 12. Bf3 Rb8 13. Nd3 Nd6 14. Bf4
Bf5 15. Qe2 Bxd3 16. Qxd3 Rxb2 17. Rfe1 Rd8 18. a3 Rb5 19. Rad1 e5 20. Bg3 Bf6
21. Qc3 Qa5 22. Qxa5 Rxa5 23. Bxc6 Rxa3 24. Bxe5 Bxe5 25. Rxe5 Rc8 26. Bf3 Nf5
27. h3 Rxc2 28. Rd7 Ra1+ 29. Kh2 Rxf2 30. Bd5 Nh6 31. Ree7 a5 32. Ra7 Rf5 33.
Red7 g5 34. Be4 Rff1 35. Rd5 g4 36. Rg5+ Kf8 37. hxg4 Rh1+ 38. Kg3 Ra3+ 39. Bf3
Rha1 40. Ra6 Rh1 41. Rgxa5 1/2-1/2

[Event "42nd Guernsey Open 2016"]
[Site "Vale GCI"]
[Date "2016.10.16"]
[Round "1"]
[White "Maloberti, David"]
[Black "Sedgwick, David R"]
[Result "1/2-1/2"]
[WhiteElo "2123"]
[BlackElo "1970"]
[PlyCount "83"]
[EventDate "2016.10.16"]
[EventType "swiss"]
[EventRounds "7"]
[EventCountry "GCI"]

1. d4 Nf6 2. c4 Nc6 3. Nf3 d6 4. d5 Ne5 5. Nxe5 dxe5 6. Nc3 e6 7. e4 Be7 8. Be2
O-O 9. Be3 exd5 10. cxd5 c6 11. O-O cxd5 12. exd5 Ne8 13. Qb3 Nd6 14. Rac1 b6
15. Nb5 Ba6 16. Rfe1 Bxb5 17. Bxb5 Nxb5 18. Qxb5 Bd6 19. a4 f5 20. Rc6 f4 21.
Bd2 Bc5 22. Rxe5 Qh4 23. Be1 f3 24. g3 Qd4 25. Rce6 Qd1 26. Qf1 Rad8 27. Bc3
Rxd5 28. Qxd1 Rxd1+ 29. Re1 Rxe1+ 30. Rxe1 Rd8 31. Kf1 Kf7 32. b4 Rd3 33. bxc5
Rxc3 34. cxb6 axb6 35. Rb1 Rc2 36. h3 Ra2 37. Kg1 Rxa4 38. g4 h5 39. gxh5 Rh4
40. Kh2 Rxh5 41. Rxb6 Rg5 42. Rb3 1/2-1/2

[Event "42nd Guernsey Open 2016"]
[Site "Vale GCI"]
[Date "2016.10.16"]
[Round "1"]
[White "Spanton, Timothy R"]
[Black "Reijneveld, Ad"]
[Result "0-1"]
[WhiteElo "1969"]
[BlackElo "2092"]
[PlyCount "48"]
[EventDate "2016.10.16"]
[EventType "swiss"]
[EventRounds "7"]
[EventCountry "GCI"]

1. e4 c5 2. Nf3 Nc6 3. Bb5 g6 4. O-O Bg7 5. c3 Nf6 6. Re1 O-O 7. d4 cxd4 8.
cxd4 d5 9. e5 Ne4 10. Nc3 Bg4 11. Bxc6 Nxc3 12. bxc3 bxc6 13. h3 Bxf3 14. Qxf3
Qa5 15. Bg5 f6 16. exf6 exf6 17. Bf4 Rfe8 18. Re3 f5 19. Rae1 Re4 20. Qe2 Rae8
21. Qc2 c5 22. f3 cxd4 23. fxe4 dxe3 24. exf5 Qxc3 0-1

[Event "42nd Guernsey Open 2016"]
[Site "Vale GCI"]
[Date "2016.10.16"]
[Round "1"]
[White "Curtis, John E"]
[Black "Rowe, Peter"]
[Result "1-0"]
[WhiteElo "2088"]
[BlackElo "1964"]
[PlyCount "65"]
[EventDate "2016.10.16"]
[EventType "swiss"]
[EventRounds "7"]
[EventCountry "GCI"]

1. d4 d6 2. e4 Nf6 3. Nc3 Nbd7 4. g4 h6 5. h3 e5 6. Bg2 c6 7. Nge2 Be7 8. O-O
g5 9. Ng3 Nf8 10. Nf5 Ng6 11. Be3 Qc7 12. Qe2 Bxf5 13. exf5 Nf4 14. Bxf4 gxf4
15. dxe5 dxe5 16. Rad1 Bd6 17. Ne4 Nxe4 18. Qxe4 f6 19. Qc4 O-O-O 20. Qe6+ Kb8
21. Qxf6 Rhe8 22. Rfe1 f3 23. Bxf3 e4 24. Bg2 e3 25. fxe3 Rxe3 26. Kh1 Be7 27.
Qxh6 Rxd1 28. Qxe3 Rxe1+ 29. Qxe1 Qf4 30. Qxe7 Qc1+ 31. Kh2 Qf4+ 32. Kg1 Qd4+
33. Kh1 1-0

[Event "42nd Guernsey Open 2016"]
[Site "Vale GCI"]
[Date "2016.10.16"]
[Round "1"]
[White "Morcom, Huw"]
[Black "Prins, Jan H"]
[Result "1/2-1/2"]
[WhiteElo "1961"]
[BlackElo "2078"]
[PlyCount "86"]
[EventDate "2016.10.16"]
[EventType "swiss"]
[EventRounds "7"]
[EventCountry "GCI"]

1. e4 c6 2. d3 d5 3. Nd2 g6 4. Ngf3 Bg7 5. Be2 dxe4 6. dxe4 Nf6 7. O-O O-O 8.
c3 a5 9. a4 Na6 10. h3 Nc5 11. Qc2 Nh5 12. Nb3 Ne6 13. Rd1 Qc7 14. Bf1 b6 15.
Nbd4 c5 16. Nb5 Qc6 17. Ng5 Nhf4 18. Nxe6 Nxe6 19. Be2 Bb7 20. Bf3 Rad8 21. Be3
Qc8 22. Rxd8 Rxd8 23. Rd1 Be5 24. Rxd8+ Qxd8 25. Na3 Ba6 26. Qd2 Qxd2 27. Bxd2
Bd3 28. g3 g5 29. Bg4 Kf8 30. Bxe6 fxe6 31. Bxg5 Bxe4 32. Nc4 Bc7 33. Bf4 Bd8
34. Bb8 Bd3 35. b3 Bc2 36. Nd2 Ke8 37. c4 Kf7 38. Be5 Kg6 39. f4 h5 40. Kf2 Bf5
41. Kg2 Bc2 42. Kf3 Bd1+ 43. Kf2 Kf5 1/2-1/2

[Event "42nd Guernsey Open 2016"]
[Site "Vale GCI"]
[Date "2016.10.16"]
[Round "1"]
[White "Okhai, Shabir"]
[Black "Marley, Andrew SG"]
[Result "1/2-1/2"]
[WhiteElo "2072"]
[BlackElo "1957"]
[PlyCount "173"]
[EventDate "2016.10.16"]
[EventType "swiss"]
[EventRounds "7"]
[EventCountry "GCI"]

1. e4 c5 2. Nf3 d6 3. Bb5+ Bd7 4. Bxd7+ Qxd7 5. O-O Nc6 6. c3 Nf6 7. Re1 e6 8.
d4 cxd4 9. cxd4 d5 10. e5 Ne4 11. Nbd2 Nxd2 12. Bxd2 Be7 13. Rc1 O-O 14. Bg5
Rac8 15. Bxe7 Qxe7 16. Re3 Qd7 17. Rec3 Na5 18. Qd3 h6 19. Ne1 Rc4 20. b3 Rc6
21. Qd2 Rfc8 22. Nd3 Rxc3 23. Rxc3 Rxc3 24. Qxc3 Nc6 25. b4 Ne7 26. h3 Qc6 27.
Qc5 Nf5 28. g4 Nh4 29. b5 Qb6 30. Qxb6 axb6 31. Ne1 f6 32. f4 Kf7 33. Kf2 fxe5
34. fxe5 g5 35. Nd3 Ke7 36. a4 Kd8 37. Kg3 Ng6 38. Kf3 Kc7 39. Kg3 Kc8 40. Kf3
Kc7 41. Ne1 Nh4+ 42. Kg3 Kc8 43. Nd3 Ng6 44. Nc1 Kd7 45. Kf3 Nh4+ 46. Kf2 Ng6
47. Ne2 Ke7 48. Kf3 Nh4+ 49. Kg3 Ng6 50. Nc1 Kd7 51. Nd3 Ke7 52. Kf3 Nh4+ 53.
Ke3 Ng6 54. Ne1 Nh4 55. Kd3 Ng6 56. Ng2 Kf7 57. Ke3 Ke7 58. Kf3 Kf7 59. Kg3 Kg7
60. Kf3 Kf7 61. Ne1 Nh4+ 62. Ke3 Ke7 63. Nd3 Ng6 64. Nc1 Nf4 65. Kf3 Ng6 66.
Nb3 Kf8 67. Nd2 Nh4+ 68. Ke3 Ng6 69. Nf3 Ke7 70. Ne1 Kf7 71. Ng2 Ke7 72. Kf3
Kf7 73. Ne3 Nh4+ 74. Kg3 Ng6 75. Ng2 Kg7 76. Ne1 Nf4 77. Kf3 Ng6 78. Nd3 Kf7
79. Nb4 Ke7 80. Nd3 Kf7 81. Ke3 Ke7 82. Ke2 Nh4 83. Kf2 Ng6 84. Kg3 Kd7 85. Nf2
Ke7 86. Kf3 Nh4+ 87. Ke3 1/2-1/2

[Event "42nd Guernsey Open 2016"]
[Site "Vale GCI"]
[Date "2016.10.16"]
[Round "1"]
[White "Hawkins, James NH"]
[Black "Havenaar, Jan"]
[Result "1/2-1/2"]
[WhiteElo "1944"]
[BlackElo "2071"]
[PlyCount "25"]
[EventDate "2016.10.16"]
[EventType "swiss"]
[EventRounds "7"]
[EventCountry "GCI"]

1. e4 c5 2. Nf3 d6 3. d4 cxd4 4. Nxd4 Nf6 5. Nc3 a6 6. Bg5 Nc6 7. Be2 e5 8. Nb3
Be7 9. Qd2 h6 10. Be3 O-O 11. f3 Be6 12. O-O-O Ne8 13. Nd5 1/2-1/2